Современные изменения климата севера Западной Сибири; Творчество юных - шаг в успешное будущее

Bibliografski detalji
Parent link:Творчество юных - шаг в успешное будущее.— 2016.— [С. 144-146]
Glavni autor: Моисеева Ю. А. Юлия Александровна
Autor kompanije: Национальный исследовательский Томский политехнический университет (ТПУ) Институт природных ресурсов (ИПР) Кафедра гидрогеологии, инженерной геологии и гидрогеоэкологии (ГИГЭ)
Daljnji autori: Савичев О. Г. Олег Геннадьевич (научный руководитель)
Sažetak:Заглавие с титульного экрана
Jezik:ruski
Izdano: 2016
Serija:Результаты геологических, геохимических, гидрогеохимических и геофизическихисследований вод, шельфа, льдов и атмосферы Арктики и прибрежных зон арктических морей
Teme:
Online pristup:http://earchive.tpu.ru/handle/11683/36846
Format: MixedMaterials Elektronički Poglavlje knjige
KOHA link:https://koha.lib.tpu.ru/cgi-bin/koha/opac-detail.pl?biblionumber=621941

MARC

LEADER 00000naa2a2200000 4500
001 621941
005 20231101133203.0
035 |a (RuTPU)RU\TPU\conf\20589 
035 |a RU\TPU\conf\20588 
090 |a 621941 
100 |a 20170131d2016 k y0rusy50 ca 
101 0 |a rus 
102 |a RU 
105 |a y z 101zy 
135 |a drgn ---uucaa 
181 0 |a i  
182 0 |a b 
200 1 |a Современные изменения климата севера Западной Сибири  |f Ю. А. Моисеева  |g науч. рук. О. Г. Савичев 
203 |a Текст  |c электронный 
225 1 |a Результаты геологических, геохимических, гидрогеохимических и геофизическихисследований вод, шельфа, льдов и атмосферы Арктики и прибрежных зон арктических морей 
230 |a 1 компьютерный файл (pdf; 437 Kb) 
300 |a Заглавие с титульного экрана 
320 |a [Библиогр.: с. 146 (6 назв.)] 
463 1 |0 (RuTPU)RU\TPU\conf\20537  |t Творчество юных - шаг в успешное будущее  |o Арктика и её освоение  |o материалы IX Всероссийской научной молодежной конференции с международным участием с элементами научной школы имени профессора М.К. Коровина, г. Томск, 10-14 октября 2016 г.  |f Национальный исследовательский Томский политехнический университет (ТПУ) ; под ред. А. Ю. Дмитриева  |v [С. 144-146]  |d 2016 
610 1 |a труды учёных ТПУ 
610 1 |a электронные ресурсы 
610 1 |a потепление 
610 1 |a метеорологические величины 
610 1 |a мониторинг 
610 1 |a почвогрунты 
610 1 |a атмосферные осадки 
700 1 |a Моисеева  |b Ю. А.  |c гидрогеолог  |c инженер Томского политехнического университета  |f 1993-  |g Юлия Александровна  |2 stltpush  |3 (RuTPU)RU\TPU\pers\38021 
702 1 |a Савичев  |b О. Г.  |c геолог  |c профессор Томского политехнического университета, доктор географических наук  |f 1967-  |g Олег Геннадьевич  |2 stltpush  |4 727 
712 0 2 |a Национальный исследовательский Томский политехнический университет (ТПУ)  |b Институт природных ресурсов (ИПР)  |b Кафедра гидрогеологии, инженерной геологии и гидрогеоэкологии (ГИГЭ)  |h 100  |2 stltpush  |3 (RuTPU)RU\TPU\col\18664 
801 2 |a RU  |b 63413507  |c 20190129  |g RCR 
856 4 |u http://earchive.tpu.ru/handle/11683/36846 
942 |c BK